| 000 | 00515nam a2200193Ii 4500 | ||
|---|---|---|---|
| 003 | JO-AjNU | ||
| 008 | 230606s9999||||xx |||||||||||||| ||und|| | ||
| 020 | _a978-0-19-923412-7 | ||
| 040 |
_aJO-AjNU _beng _erda _cJO-AjNU |
||
| 041 | _aeng | ||
| 050 | 1 | 4 | _aKD7869.2011 |
| 100 | 3 |
_aHeaton ، Russell, _eauthor _91687 |
|
| 245 | 0 | 0 | _aCriminal Law |
| 264 | 3 | 1 | _aNew York : Oxford ، 2011 |
| 300 | _a606p | ||
| 336 |
_atext _btxt _2rdacontent |
||
| 337 |
_aunmediated _bn _2rdamedia |
||
| 338 |
_avolume _bnc _2rdacarrier |
||
| 999 |
_aE886 _c886 _d886 |
||